Analysis of material removal processes / (Record no. 1932)

000 -LEADER
fixed length control field 01083pam a2200289 a 4500
001 - CONTROL NUMBER
control field 2487872
003 - CONTROL NUMBER IDENTIFIER
control field OSt
005 - DATE AND TIME OF LATEST TRANSACTION
control field 20150810104842.0
008 - FIXED-LENGTH DATA ELEMENTS--GENERAL INFORMATION
fixed length control field 910830s1992 nyua b 001 0 eng
010 ## - LIBRARY OF CONGRESS CONTROL NUMBER
LC control number 91030501
020 ## - INTERNATIONAL STANDARD BOOK NUMBER
International Standard Book Number 0387977287 (New York : acidfree paper)
020 ## - INTERNATIONAL STANDARD BOOK NUMBER
International Standard Book Number 3540977287 (Berlin : acidfree paper)
040 ## - CATALOGING SOURCE
Original cataloging agency DLC
Transcribing agency DLC
Modifying agency DLC
050 00 - LIBRARY OF CONGRESS CALL NUMBER
Classification number TJ1185.D489 1991
082 00 - DEWEY DECIMAL CLASSIFICATION NUMBER
Classification number 671.3/5
Edition number 20
100 1# - MAIN ENTRY--PERSONAL NAME
Personal name DeVries, W. R.
Fuller form of name (Warren Richard)
245 10 - TITLE STATEMENT
Title Analysis of material removal processes /
Statement of responsibility, etc Warren R. DeVries.
260 ## - PUBLICATION, DISTRIBUTION, ETC. (IMPRINT)
Place of publication, distribution, etc New York :
Name of publisher, distributor, etc Springer-Verlag,
Date of publication, distribution, etc c1992.
300 ## - PHYSICAL DESCRIPTION
Extent xvii, 254 p. :
Other physical details ill. ;
Dimensions 25 cm.
440 #0 - SERIES STATEMENT/ADDED ENTRY--TITLE
Title Springer texts in mechanical engineering
504 ## - BIBLIOGRAPHY, ETC. NOTE
Bibliography, etc Includes bibliographical references (p. [229]-244) and index.
650 #0 - SUBJECT ADDED ENTRY--TOPICAL TERM
Topical term or geographic name as entry element Machining.
856 42 - ELECTRONIC LOCATION AND ACCESS
Materials specified Publisher description
Uniform Resource Identifier <a href="http://www.loc.gov/catdir/enhancements/fy0815/91030501-d.html">http://www.loc.gov/catdir/enhancements/fy0815/91030501-d.html</a>
906 ## - LOCAL DATA ELEMENT F, LDF (RLIN)
a 7
b cbc
c orignew
d 1
e ocip
f 19
g y-gencatlg
942 ## - ADDED ENTRY ELEMENTS (KOHA)
Source of classification or shelving scheme
Koha item type Book
Holdings
Withdrawn status Lost status Source of classification or shelving scheme Damaged status Not for loan Home library Current library Shelving location Date acquired Total Checkouts Full call number Barcode Date last seen Copy number Price effective from Koha item type
          Riara University Library Riara University Library General stack 10/08/2015   TJ1185.D489 1991 5845/15 10/08/2015 C.1 10/08/2015 Book

Riara University Library,
P.O. Box 49940-00100,
Nairobi, Kenya.